00470nam a2200193Ia 4500003000400000005001700004008004100021020002200062040000700084041000800091082001700099100001700116245005400133260003600187300001200223365001300235440000600248650002200254OSt20230523142454.0210423s2013 xx 000 0 und d a978-93-82186-10-6 cAL aeng a820.954 DHAI aDHAWAN (R K) aIndian literature today: Vol 2 poetry and fiction aNew DelhibPrestige Booksc2013 a272bHB b600cINR v2 aEnglish Criticism